| 000 | 004110000a22001690004500 | ||
|---|---|---|---|
| 003 | MACL | ||
| 005 | 20160106174906.0 | ||
| 008 | 160106b xxu||||| |||| 00| 0 eng d | ||
| 040 |
_aMACL _cMACL |
||
| 041 | _aEnglish | ||
| 082 | _a823/SNE | ||
| 100 |
_aKynnersley, Sneyd _929100 |
||
| 245 | _aA Snail's wooling | ||
| 260 |
_bMacmillan & co _c1910 _aLondon |
||
| 650 |
_aStory _929101 |
||
| 942 |
_cBK _k823/Kyn _2ddc |
||
| 999 |
_c35331 _d35331 |
||